भाषा आणि संस्कृती (Record no. 370344)
[ view plain ]
| 000 -LEADER | |
|---|---|
| fixed length control field | 00891 a2200169 4500 |
| 003 - CONTROL NUMBER IDENTIFIER | |
| control field | OSt |
| 005 - DATE AND TIME OF LATEST TRANSACTION | |
| control field | 20260213155833.0 |
| 008 - FIXED-LENGTH DATA ELEMENTS--GENERAL INFORMATION | |
| fixed length control field | 260206b |||||||| |||| 00| 0 eng d |
| 020 ## - INTERNATIONAL STANDARD BOOK NUMBER | |
| International Standard Book Number | 9788174869845 |
| 100 ## - MAIN ENTRY--PERSONAL NAME | |
| Personal name | कालेलकर ना. |
| 9 (RLIN) | 216635 |
| 245 ## - TITLE STATEMENT | |
| Title | भाषा आणि संस्कृती |
| 250 ## - EDITION STATEMENT | |
| Edition statement | 4th ED. |
| 260 ## - PUBLICATION, DISTRIBUTION, ETC. (IMPRINT) | |
| Name of publisher, distributor, etc. | मौज प्रकाशन गृह |
| Date of publication, distribution, etc. | 2012 |
| Place of publication, distribution, etc. | पुणे |
| 300 ## - PHYSICAL DESCRIPTION | |
| Extent | 124pp. |
| 520 ## - SUMMARY, ETC. | |
| Summary, etc. | जीवनातल्या व्यवस्थित ,सर्वांना आदरणीय आणि आवश्यक अशा सवयींचा अविष्कार करणारी संस्कृती आणि तेच जीवन आणि त्याची सर्व अंगे श्रुतीगोचर करणारी भाषा या दोन गोष्टी |
| 942 ## - ADDED ENTRY ELEMENTS (KOHA) | |
| Koha item type | Books |
| Source of classification or shelving scheme | Dewey Decimal Classification |
| Withdrawn status | Lost status | Source of classification or shelving scheme | Damaged status | Not for loan | Collection code | Home library | Current library | Date acquired | Vendor | Cost, normal purchase price | Total Checkouts | Barcode | Date last seen | Cost, replacement price | Bill Date | Koha item type | Original Barcode |
|---|---|---|---|---|---|---|---|---|---|---|---|---|---|---|---|---|---|
| Dewey Decimal Classification | BSC IT | MKSSS s K.B. Joshi Institute of Information Technology Library | MKSSS s K.B. Joshi Institute of Information Technology Library | 05/02/2026 | 8 | 212.50 | KBJP-BK-3030 | 05/02/2026 | 250.00 | 05/02/2026 | Books | 3030 |